| 000 | 00417nam a2200145Ia 4500 | ||
|---|---|---|---|
| 008 | 230917s9999||||xx |||||||||||||| ||und|| | ||
| 040 |
_e132925 _aMAIN |
||
| 041 | _aEnglish | ||
| 082 | _a355.00954 H114C | ||
| 100 | _aHabibullah, M G E | ||
| 245 | 0 | _aCompulsions of Indian security: A plea for geographic and demographic defence | |
| 260 |
_aNew Delhi _bABC Publishing House _c1984 |
||
| 300 | _a192 p. | ||
| 942 | _cBK | ||
| 999 |
_c64606 _d64606 |
||